02583cam a22003857a 450000100090000000300040000900500170001300800410003001000170007101500190008801600180010702000250012502000220015003500130017203500200018504000540020504200140025905000210027324500750029426001230036926400090049230000480050133600290054933700310057833800300060950003180063950400660095750509740102365000330199765000330203065000330206370000280209671000340212471000390215815271995OSt20260428170627.0080422s2007 enka b 001 0 eng  a 2008364194 aGBA6969332bnb7 a0136024772Uk a9781858943947qcloth a1858943949qcloth a15271995 a(OCoLC)76365466 aUKMcFoundation UniversitydFoundation University alccopycat00aN6505b.A78 200700aArt in America :b300 years of innovation /cedited by Susan Davidson. aLondon ;aNew York :bMerrell ;aNew York :bGuggenheim Museum ;aChicago :bTerra Foundation for American Art,c2007. 42007 a351 p. :bcol. ill. ;c30 cm.3booksfbooks atextbtxt2rdacontent3n aunmediatedbn2rdamedia3n avolumebnc2rdacarrier3n a"Published in association with the Solomon R. Guggenheim Museum, New York, and the Terra Foundation for American Art on the occasion of an exhibition held at the National Art Museum of China, Beijing, February 10-April 5, 2007 and at the Shanghai Museum, Museum of Contemporary Art Shanghai, May 1-June 30, 2007". aIncludes bibliographical references (p. [344]-347) and index.0 aParadoxes in American art / Michael Leja -- Colonization and rebellion (1700-1830). Peaceable kingdoms : colonization and rebellion / Margaretta M. Lovell ; The Chinese presence in early American visual culture / Patricia Johnston and Jessica Lanier -- Expansion and fragmentation (1830-80). Art in an age of national expansion : genre and landscape painting / David M. Lubin ; The American cowboy's destiny / Elizabeth Kennedy -- Cosmopolitanism and nationalism (1880-1915). Nationalism and internationalism / Mancy Mowll Mathews -- Modernism and regionalism (1915-45). The politics of American modernism / Justin Wolff ; A brief history of painting in Chinese America to 1945 / Anthony W. Lee -- Prosperity and disillusionment (1945-80). The innovative moment : postwar American art / Robert Rosenblum -- Multiculturalism and globalization (1980-present). Nationalism and globalism : issues in American art, 1980s to the present / Susan Cross -- Timeline / Helen Hsu. 0aArt, Americany20th century. 0aArt, Americany19th century. 0aArt, Americany18th century.1 aDavidson, Susan,d1958-2 aSolomon R. Guggenheim Museum.2 aTerra Foundation for American Art.